| 000 -ლიდერი |
| ფიქსირებული სიგრძის საკონტროლო ველი |
01226nam a22002177a 4500 |
| 003 - საკონტროლო ნომრის იდენტიფიკატორი |
| საკონტროლო ველი |
Ge_BSU |
| 005 - ბოლო ოპერაციის თარიღი და დრო |
| საკონტროლო ველი |
20221124155704.0 |
| 008 - ფიქსირებული სიგრძის მონაცემთა ელემენტები - ზოგადი ინფორმაცია |
| ფიქსირებული სიგრძის საკონტროლო ველი |
221124s1979ge xxu||||| |||| 00| 0 geo d |
| 041 ## - ენის კოდი |
| Language code of text/sound track or separate title |
geo |
| 080 ## - უნივერსალური ათობითი კლასიფიკაციის ინდექსი |
| Universal Decimal Classification number |
821.14'01-13 ჰ-80 |
| 100 ## - მთავარი ჩანაწერი - პიროვნების სახელი |
| Personal name |
ჰომეროსი, ავტორი. |
| 9 (RLIN) |
16054 |
| 245 ## - ცნობა სათაურის შესახებ |
| Title |
ოდისეა |
| Remainder of title |
ჰომეროსი / |
| Statement of responsibility, etc |
[პოემა ბერძნ. თარგმნა პ. ბერაძემ ; რედ. და წინასიტყვ. ავტ. რ. გორდეზიანი.] |
| 264 ## - წარმოების, გამოცემის, დისტრიბუციის და სხვა ცნობები |
| გამოცემის, წარმოების, დისტრიბუციის... ადგილი |
თბილისი : |
| გამოცემის, წარმოების, დისტრიბუციის... სახელწოდება |
საბჭ. საქართველო, |
| გამოცემის, წარმოების, დისტრიბუციის... თარიღი |
1979. |
| 300 ## - ფიზიკური აღწერა |
| Extent |
465 გვ. ; |
| Other physical details |
21 სმ. |
| 440 ## - სერიის ცნობა / დამატებულია ჩანაწერი - სათაური |
| Title |
მსოფლიო ლიტერატურის ბიბლიოთეკა. პირველი სერია ; ტ. 3 |
| 9 (RLIN) |
16055 |
| 501 ## - შენიშვნა თანმხლებ მასალაზე |
| With note |
შენიშვნები: გვ. 423-443. საკუთარი და გეოგრაფიული სახელები: გვ. 445-464. |
| 653 ## - INDEX TERM--UNCONTROLLED |
| Uncontrolled term |
ოდისეა |
| 700 ## - ADDED ENTRY--PERSONAL NAME |
| Personal name |
ბერაძე, პ |
| Relator term |
მთარგმნელი |
| 9 (RLIN) |
16056 |
| 700 ## - ADDED ENTRY--PERSONAL NAME |
| Personal name |
გორდეზიანი, რ |
| Relator term |
რედაქტორი |
| 9 (RLIN) |
16057 |
| 942 ## - ADDED ENTRY ELEMENTS (KOHA) |
| Source of classification or shelving scheme |
|
| Koha item type |
წიგნი |